[Event "aston294"]
[Site "SchemingMind.com"]
[Date "2010.02.28"]
[Round "-"]
[White "olivsan"]
[Black "Black Knight"]
[Result "1-0"]
[WhiteCountry "BRA"]
[BlackCountry "USA"]
[WhiteElo "1594"]
[WhiteRD "85"]
[BlackElo "1365"]
[BlackRD "63"]
[GameID "239807"]

1. e4 e5 2. Nf3 Nc6 3. Bc4 Nf6 4. Nc3 Bb4 5. O-O Bxc3 6. dxc3 O-O 7. Re1 d6 8. Bg5 a6 9. a3 b5 10. Bd5 Qd7
11. h3 Qe7 12. Bxc6 Rb8 13. b4 Bb7 14. Bxb7 Rxb7 15. Qd3 h6 16. Be3 Re8 17. c4 c6 18. cxb5 Rxb5 19. a4 Rxb4 20. Qxa6 c5
21. Bd2 Rb2 22. c3 Rbb8 23. c4 Ra8 24. Qb6 Reb8 25. Qc6 Rd8 26. a5 Rac8 27. Qa4 Qb7 28. Rab1 Qd7 29. Qxd7 Rxd7 30. Bc3 g5
31. g4 Ra7 32. Red1 Ra6 33. Rb7 Nxe4 34. Rb3 Nxc3 35. Rxc3 Rcc6 36. Ra3 e4 37. Ne1
1-0

[Event "aston294"]
[Site "SchemingMind.com"]
[Date "2010.02.26"]
[Round "-"]
[White "Orhany24"]
[Black "olivsan"]
[Result "1-0"]
[WhiteCountry "TUR"]
[BlackCountry "BRA"]
[WhiteElo "1794"]
[WhiteRD "84"]
[BlackElo "1583"]
[BlackRD "89"]
[GameID "239808"]

1. e4 e5 2. Nf3 Nc6 3. Bc4 Bc5 4. c3 Nf6 5. d4 exd4 6. cxd4 Bb4+ 7. Bd2 O-O 8. O-O d6 9. Bxb4 Nxb4 10. a3 Nc6
11. Nc3 a6 12. h3 Re8 13. Re1 b5 14. Ba2 h6 15. b4 Qe7 16. Rc1 Qd7 17. Qc2 d5 18. e5 Nh5 19. Nxd5 Ra7 20. Qxc6 Qxc6
21. Rxc6 Be6 22. Rxc7 Rxc7 23. Nxc7 Re7 24. Nxe6 fxe6 25. Rc1 Nf4 26. Kh2 Ne2 27. Rc2 Nf4 28. Rc6 Ra7 29. Bxe6+ Kf8 30. d5 Nd3
31. Bc8 Nxf2 32. Rxa6 Rc7 33. Rc6 Rxc6 34. dxc6 Ke8 35. Bd7+ Kd8 36. e6
1-0

[Event "aston294"]
[Site "SchemingMind.com"]
[Date "2010.02.24"]
[Round "-"]
[White "crespov"]
[Black "olivsan"]
[Result "1-0"]
[WhiteCountry "CHI"]
[BlackCountry "BRA"]
[WhiteElo "1679"]
[WhiteRD "77"]
[BlackElo "1594"]
[BlackRD "85"]
[GameID "239809"]

1. c4 Nf6 2. Nc3 e6 3. g3 Bb4 4. Bg2 O-O 5. d3 Nc6 6. a3 Bd6 7. e4 Re8 8. Nge2 a6 9. O-O h6 10. b4 b6
11. b5 axb5 12. Nxb5 Ba6 13. Nxd6 cxd6 14. Bb2 e5 15. f4 Qe7 16. Qb3 Ng4 17. h3 Ne3 18. Rf3 Nxg2 19. Kxg2 Bb7 20. Qxb6 Na5
21. Bc3 Ra6 22. Qb5 Qd8 23. Bxa5 Rxa5 24. Qxb7 Qc8 25. Qb4 Qc5 26. Qxc5 dxc5 27. Nc3 Ra7 28. Nb5 Ra5 29. Rf2 exf4 30. Rxf4 f6
31. g4 Re7 32. h4 Ra8 33. Rf5 Re5 34. Rxe5 fxe5 35. a4 Ra5 36. Kg3 Ra8 37. a5 Kf8 38. a6 Ke8 39. Nc7+
1-0

[Event "aston294"]
[Site "SchemingMind.com"]
[Date "2010.02.23"]
[Round "-"]
[White "aston294"]
[Black "olivsan"]
[Result "0-1"]
[WhiteCountry "ENG"]
[BlackCountry "BRA"]
[WhiteElo "947"]
[WhiteRD "78"]
[BlackElo "1594"]
[BlackRD "85"]
[GameID "239810"]

1. d4 Nf6 2. Nf3 d5 3. Nc3 e6 4. Ne5 Bd6 5. Nf3 O-O 6. Ng5 h6 7. Nf3 Nc6 8. Nb5 a6 9. Nxd6 Qxd6 10. e3 Nb4
11. a3 Nc6 12. c3 b5
0-1

[Event "aston294"]
[Site "SchemingMind.com"]
[Date "2010.02.24"]
[Round "-"]
[White "chessleon"]
[Black "olivsan"]
[Result "1-0"]
[WhiteCountry "NED"]
[BlackCountry "BRA"]
[WhiteElo "1528"]
[WhiteRD "82"]
[BlackElo "1594"]
[BlackRD "85"]
[GameID "239811"]

1. e4 e5 2. Nf3 Nc6 3. Bb5 a6 4. Ba4 Nf6 5. O-O Bc5 6. c3 Nxe4 7. d4 exd4 8. cxd4 Bd6 9. Re1 f5 10. Bg5 Be7
11. Bxe7 Qxe7 12. Nc3 d6 13. d5 Bd7 14. dxc6 Bxc6 15. Nd4 b5 16. Nxc6 Qh4 17. Bb3 Kd7 18. Nxe4 Kxc6 19. Qd5+ Kd7 20. Nc5+ Kc8
21. Qe6+ Kb8 22. Nd7+ Ka7 23. Qe3+ c5 24. Bd5 Rac8 25. Rac1 Rc7 26. Nxc5 Kb8 27. Ne6 Rxc1 28. Rxc1 Re8 29. Qb6#
1-0

[Event "aston294"]
[Site "SchemingMind.com"]
[Date "2010.02.27"]
[Round "-"]
[White "Schaakmaatje"]
[Black "olivsan"]
[Result "1-0"]
[WhiteCountry "NED"]
[BlackCountry "BRA"]
[WhiteElo "1724"]
[WhiteRD "54"]
[BlackElo "1578"]
[BlackRD "78"]
[GameID "239812"]

1. e4 e5 2. Nc3 Nf6 3. Bc4 Nc6 4. d3 Bc5 5. h3 O-O 6. Nf3 d6 7. O-O a6 8. a4 h6 9. Qe2 Re8 10. a5 Nb4
11. Nd1 Be6 12. Bxe6 Rxe6 13. c3 Nc6 14. Be3 Bxe3 15. Nxe3 Ne7 16. Nc4 Nc6 17. Nh2 d5 18. Nd2 b6 19. axb6 cxb6 20. Ng4 dxe4
21. Nxe4 Nxe4 22. dxe4 b5 23. Rfd1 Qb6 24. Rd7 Rd8 25. Rad1 Re7 26. Rxe7 Nxe7 27. Nxe5 Rxd1+ 28. Qxd1 Qc7 29. Ng4 Ng6 30. g3 Qc4
31. Qd4 Qxd4 32. cxd4 h5 33. Ne3 f6= 34. Nd5 a5 35. f4 Nf8 36. Nc7 Nd7 37. Nxb5 a4 38. Kf2 Nb6 39. Na3 Kf7 40. Ke3 Ke7
41. Kd3 Kd6 42. Nc4+ Nxc4 43. Kxc4 Kc6 44. Kb4
1-0

[Event "aston294"]
[Site "SchemingMind.com"]
[Date "2010.03.01"]
[Round "-"]
[White "Black Knight"]
[Black "olivsan"]
[Result "0-1"]
[WhiteCountry "USA"]
[BlackCountry "BRA"]
[WhiteElo "1365"]
[WhiteRD "63"]
[BlackElo "1594"]
[BlackRD "85"]
[GameID "239813"]

1. e4 e5 2. Nf3 Nc6 3. Bb5 a6 4. Ba4 Nf6 5. d3 Bc5 6. O-O O-O 7. Bg5 h6 8. Bxf6 Qxf6 9. Nbd2 d6 10. Bxc6 bxc6
11. Nb3 Bb6 12. Nbd2 d5 13. c4 d4 14. b4 Bg4 15. h3 Be6 16. c5 Ba7 17. Nc4 Qg6 18. Nh4 Qg5 19. Nf5 g6 20. Ng3 Bxc4
21. dxc4 Qf4 22. Qg4 Qxg4 23. hxg4 Rfd8 24. Rfd1 Rd7 25. a4 a5 26. b5 cxb5 27. c6 Rd6 28. cxb5 Rf6 29. f3 d3+ 30. Kh2 Rd8
31. Rd2 Be3 32. Rdd1 d2 33. Nf1 Bf4+ 34. Kh3 Bg5 35. Ra2 Rfd6 36. Nxd2 Bxd2
0-1

[Event "aston294"]
[Site "SchemingMind.com"]
[Date "2010.02.24"]
[Round "-"]
[White "crespov"]
[Black "mark"]
[Result "1-0"]
[WhiteCountry "CHI"]
[BlackCountry "GBR"]
[WhiteElo "1679"]
[WhiteRD "77"]
[BlackElo "1243"]
[BlackRD "121"]
[GameID "239941"]

1. e4 e5 2. Nf3 Nc6 3. Bc4 Bc5 4. d3 d6 5. Ng5 Nh6 6. h3 Na5 7. Bb3 Nxb3 8. axb3 Ng8 9. O-O Nf6 10. Nc3 Bd7
11. Qf3 h6 12. Nd5 c6 13. Nxf6+ gxf6 14. Nxf7
1-0

[Event "aston294"]
[Site "SchemingMind.com"]
[Date "2010.02.25"]
[Round "-"]
[White "ricky chaperlo"]
[Black "Orhany24"]
[Result "0-1"]
[WhiteCountry "USA"]
[BlackCountry "TUR"]
[WhiteElo "1571"]
[WhiteRD "79"]
[BlackElo "1781"]
[BlackRD "82"]
[GameID "239959"]

1. d4 d5 2. e3 Nf6 3. Nf3 e6 4. Ne5 Bd6 5. Nf3 O-O 6. Nc3 a6 7. Nh4 c5 8. dxc5 Bxc5 9. Na4 Be7 10. Qf3 b5
11. Nc3 Bb7 12. Qg3 Bd6 13. Qh3 Nbd7 14. f4 e5 15. Qg3 exf4 16. exf4 Re8+ 17. Ne2 Ne4 18. Qg4 Ndf6 19. Qh3 Qb6 20. Qf3 Qc5
21. c3 d4 22. cxd4 Qb4+ 23. Kd1 Rac8 24. a3 Qc4 25. Nc3 Qb3+ 26. Ke2 Nxc3+ 27. Kf2 Bxf3 28. bxc3 Bb7 29. Bd2 Ne4+ 30. Kg1 Nxd2
31. Nf5 Bxf4 32. h4 Qxc3 33. Rd1 Nxf1 34. Rxf1 Re1 35. Rh3 Rxf1+ 36. Kxf1 Qc1+ 37. Kf2 Rc2#
0-1

[Event "aston294"]
[Site "SchemingMind.com"]
[Date "2010.02.24"]
[Round "-"]
[White "ricky chaperlo"]
[Black "olivsan"]
[Result "0-1"]
[WhiteCountry "USA"]
[BlackCountry "BRA"]
[WhiteElo "1457"]
[WhiteRD "88"]
[BlackElo "1555"]
[BlackRD "71"]
[GameID "239960"]

1. e3 e5 2. Bc4 d5 3. Bb3 Nf6 4. Nf3 Nc6 5. Nc3 Bc5 6. d4 exd4 7. exd4 Bd6 8. O-O O-O 9. Ne1 Nb4 10. a3 Na6
11. Nxd5 Nxd5 12. Bxd5 c6 13. Be4 Bc7 14. Qh5 g6 15. Qh6 Qxd4 16. Bd3 Qg7 17. Qh4 Bd8 18. Qg3 Qd4 19. c3 Qf6 20. Nf3 Bc7
21. Qh4 Qxh4 22. Nxh4 Re8 23. Be3 Be5 24. Bh6 Nc5 25. Bc4 Be6 26. Be2 Nb3 27. Rae1 Nc5 28. Bf3 Nd3 29. Re3 Bc4 30. Rb1 Nf4
31. g3 Nd5 32. Re4 Bd3 33. Rbe1 Bxe4 34. Rxe4 Rad8 35. Kg2 Nf6 36. Re3 Nd5 37. Re2 b5 38. Bg4 Nf6 39. Bf3 Rc8 40. Re3 Nd5
41. Rd3 Nf6 42. Kh3 c5 43. Bb7 Rb8 44. Bc6 Rec8
0-1

[Event "aston294"]
[Site "SchemingMind.com"]
[Date "2010.02.24"]
[Round "-"]
[White "ricky chaperlo"]
[Black "crespov"]
[Result "1-0"]
[WhiteCountry "USA"]
[BlackCountry "CHI"]
[WhiteElo "1553"]
[WhiteRD "83"]
[BlackElo "1653"]
[BlackRD "78"]
[GameID "239962"]

1. e4 e5 2. Bc4 Nf6 3. Qf3 Nc6 4. g4 Nd4 5. Qd3 Nxg4 6. c3 Nc6 7. Qf3 Nf6 8. Nh3 h6 9. Na3 d6 10. d3 Bg4
11. Qg3 Qd7 12. Ng1 a6 13. h3 Be6 14. Bd2 g5 15. O-O-O Nh5 16. Qf3 Nf4 17. Kb1 Na5 18. Bxe6 fxe6 19. Nc2 O-O-O 20. Qe3 d5
21. Qa7 Nc6 22. Qa8+ Nb8 23. Be3 dxe4 24. Ba7 Qe7 25. Qxb8+ Kd7 26. dxe4+ Ke8 27. Rxd8+ Qxd8 28. Nf3 b6 29. Qb7 Nxh3 30. Nxe5 Nxf2
31. Qc6+ Ke7 32. Rf1 Bg7 33. Ng6+
1-0

[Event "aston294"]
[Site "SchemingMind.com"]
[Date "2010.02.24"]
[Round "-"]
[White "ricky chaperlo"]
[Black "chessleon"]
[Result "1-0"]
[WhiteCountry "USA"]
[BlackCountry "NED"]
[WhiteElo "1553"]
[WhiteRD "83"]
[BlackElo "1446"]
[BlackRD "86"]
[GameID "239964"]

1. e4 c5 2. Bc4 e6 3. Nc3 Nc6 4. d3 a6 5. Nh3 Nf6 6. Ng5 h6 7. Nh3 Be7 8. Bd2 O-O 9. Qf3 b5 10. Qg3 bxc4
11. Bxh6 g6 12. Bxf8 Qxf8 13. dxc4 Bb7 14. Ng5 Nh5 15. Qh4 Qg7 16. Rd1 d6 17. Rg1 Qe5 18. g4 Nf4 19. Qh7+ Kf8 20. Qxf7#
1-0

[Event "aston294"]
[Site "SchemingMind.com"]
[Date "2010.02.27"]
[Round "-"]
[White "ricky chaperlo"]
[Black "Schaakmaatje"]
[Result "0-1"]
[WhiteCountry "USA"]
[BlackCountry "NED"]
[WhiteElo "1457"]
[WhiteRD "88"]
[BlackElo "1737"]
[BlackRD "55"]
[GameID "239965"]

1. e4 c6 2. Bc4 d5 3. exd5 cxd5 4. Bb3 e5 5. Nc3 Nf6 6. Qe2 Nc6 7. f4 e4 8. Ba4 Bd7 9. h3 Bc5 10. Qb5 Bxg1
11. Rxg1 d4 12. Ne2 Rb8 13. Bb3 O-O 14. Qg5 h6 15. Qh4 Qa5 16. g4 e3 17. c3 d3 18. Ng3 Rfe8 19. dxe3 Nd4 20. Kf2 Nxb3
21. Rb1 Qxa2 22. Bd2 Nxd2 23. Rbd1 Qxb2 24. Rg2 Qxc3 25. Kg1 Nf3+ 26. Kf2 Nxh4 27. Ne2 Ne4+ 28. Kf1 dxe2+ 29. Rxe2 Bb5
0-1

[Event "aston294"]
[Site "SchemingMind.com"]
[Date "2010.02.28"]
[Round "-"]
[White "ricky chaperlo"]
[Black "Black Knight"]
[Result "1-0"]
[WhiteCountry "USA"]
[BlackCountry "USA"]
[WhiteElo "1553"]
[WhiteRD "83"]
[BlackElo "1297"]
[BlackRD "61"]
[GameID "239966"]

1. e3 e5 2. Bc4 d5 3. Bb3 Nf6 4. Na3 Bxa3 5. bxa3 O-O 6. c3 Nc6 7. Bc2 e4 8. f4 Bg4 9. Ne2 a6 10. h3 Bxe2
11. Qxe2 Qd7 12. Qf2 b5 13. Bb2 g6 14. O-O-O Qd6 15. Qh4 Nh5 16. Qg5 f6 17. Qh6 Ne7 18. g4 Ng3 19. Rhg1 Ne2+ 20. Kb1 Nxg1
21. Rxg1 f5 22. c4 Rf7 23. cxd5 Qxd5 24. Bb3 Qd3+ 25. Kc1 Nd5 26. gxf5 Rxf5 27. Qg7#
1-0

[Event "aston294"]
[Site "SchemingMind.com"]
[Date "2010.02.26"]
[Round "-"]
[White "Orhany24"]
[Black "ricky chaperlo"]
[Result "1-0"]
[WhiteCountry "TUR"]
[BlackCountry "USA"]
[WhiteElo "1781"]
[WhiteRD "82"]
[BlackElo "1571"]
[BlackRD "79"]
[GameID "239968"]

1. e4 e5 2. Nf3 Nc6 3. Bc4 Nh6 4. d4 exd4 5. Nxd4 Ne5 6. Bb3 Qf6 7. O-O Qg6 8. Nc3 d6 9. f4 Bh3 10. Qe2 Bg4
11. Qf2 Nd7 12. Bd2 Bh3 13. Qg3 Bg4 14. f5 Qh5 15. h3 f6 16. Bxh6 Bxh3 17. Qxh3 Qxh3 18. gxh3 gxh6 19. Ne6 Ke7 20. Nxc7 Rc8
21. N3d5+ Kd8 22. Ne6+ Ke8 23. Ba4 Rc4 24. Bb3 Rg8+ 25. Kh2 Rxe4 26. Rae1 Rh4 27. Nec7+ Kf7 28. Ne7+ Kg7 29. Rg1+ Kh8 30. Rxg8#
1-0

[Event "aston294"]
[Site "SchemingMind.com"]
[Date "2010.02.24"]
[Round "-"]
[White "crespov"]
[Black "ricky chaperlo"]
[Result "1-0"]
[WhiteCountry "CHI"]
[BlackCountry "USA"]
[WhiteElo "1653"]
[WhiteRD "78"]
[BlackElo "1553"]
[BlackRD "83"]
[GameID "239971"]

1. c4 e6 2. Nc3 Bc5 3. g3 Qf6 4. e3 Ne7 5. Bg2 Na6 6. Nge2 c6 7. O-O h5 8. d4 Bb6 9. Ne4 Qf5 10. Nd6+ Kf8
11. Nxf5 Nxf5 12. c5 Bc7 13. Bh3 Ne7 14. a3 g5 15. e4 g4 16. Bg2 d5 17. exd5 exd5 18. f3 gxf3 19. Bxf3 Bh3 20. Bg2 Be6
21. Nf4 Bg4 22. Bf3 Rg8 23. Nxh5 Bh3 24. Bg2 Bxg2 25. Kxg2 Rh8 26. Qf3 Rh7 27. Nf4 Ke8 28. Bd2 Nf5 29. Rae1+ Kd7 30. Nxd5 Nxd4
31. Nf6+ Kc8 32. Qg4+ Kb8 33. Qxd4 Rh8 34. Nd7+ Kc8 35. Qxh8+ Kxd7 36. Rxf7#
1-0

[Event "aston294"]
[Site "SchemingMind.com"]
[Date "2010.02.26"]
[Round "-"]
[White "aston294"]
[Black "ricky chaperlo"]
[Result "0-1"]
[WhiteCountry "ENG"]
[BlackCountry "USA"]
[WhiteElo "947"]
[WhiteRD "78"]
[BlackElo "1556"]
[BlackRD "82"]
[GameID "239972"]

1. d4 e6 2. Nf3 d5 3. Nc3 Nf6 4. Ne5 Na6 5. f4 Qe7 6. e3 c6 7. e4 dxe4 8. Nxe4 Nxe4 9. Qd3 f5 10. c3 Qh4+
11. g3 Qd8 12. Be3 Nc7
0-1

[Event "aston294"]
[Site "SchemingMind.com"]
[Date "2010.02.25"]
[Round "-"]
[White "chessleon"]
[Black "ricky chaperlo"]
[Result "0-1"]
[WhiteCountry "NED"]
[BlackCountry "USA"]
[WhiteElo "1446"]
[WhiteRD "86"]
[BlackElo "1553"]
[BlackRD "83"]
[GameID "239973"]

1. e4 e5 2. Nf3 Bc5 3. Bc4 Qf6 4. d3 Nh6 5. O-O d6 6. Bg5 Qg6 7. Qd2 f6 8. Bxh6 gxh6 9. Nh4 Qg4 10. Qxh6 Na6
11. Qxf6 Rf8 12. Qh6 Qe2 13. Qh5+ Qxh5
0-1

[Event "aston294"]
[Site "SchemingMind.com"]
[Date "2010.02.28"]
[Round "-"]
[White "Schaakmaatje"]
[Black "ricky chaperlo"]
[Result "1-0"]
[WhiteCountry "NED"]
[BlackCountry "USA"]
[WhiteElo "1762"]
[WhiteRD "46"]
[BlackElo "1556"]
[BlackRD "82"]
[GameID "239974"]

1. e4 e5 2. f4 exf4 3. Nf3 c6 4. d4 g5 5. Bc4 d5 6. exd5 cxd5 7. Qe2+ Be6 8. Bb5+ Nc6 9. Ne5 Bg7 10. Nxc6 Qc7
11. Ne5+ Kd8 12. O-O a6 13. Ba4 b5 14. Bb3 Nf6 15. a4 b4 16. Nd2 a5 17. Ndf3 Rf8 18. Nxg5 Bf5 19. Bxf4 Kc8 20. Nd3 Qd7
21. Nc5 Qd8 22. Qb5 h6 23. Qb7#
1-0

[Event "aston294"]
[Site "SchemingMind.com"]
[Date "2010.03.01"]
[Round "-"]
[White "Black Knight"]
[Black "ricky chaperlo"]
[Result "0-1"]
[WhiteCountry "USA"]
[BlackCountry "USA"]
[WhiteElo "1297"]
[WhiteRD "61"]
[BlackElo "1553"]
[BlackRD "83"]
[GameID "239975"]

1. e4 e5 2. Nf3 d6 3. Nc3 Nc6 4. Bb5 a6 5. Bxc6+ bxc6 6. O-O Qf6 7. h3 Qg6 8. d3 Bxh3 9. Ng5 Bd7 10. g3 h5
11. Nf3 Bg4 12. Nh4 Bxd1
0-1